[Event "EU-ch Hybrid U10"]
[Site "Tornelo INT"]
[Date "2021.10.15"]
[Round "7"]
[White "Ekmekcioglu, Gokdeniz"]
[Black "Qalabegashvili, Data"]
[Result "1-0"]
[WhiteElo "1463"]
[BlackElo "1308"]
[PlyCount "129"]
[EventDate "2021.10.15"]
[EventType "swiss"]
[EventRounds "9"]
[EventCountry "NET"]
[SourceTitle "EXT 2023"]
[Source "ChessBase"]
[SourceDate "2022.10.05"]
[SourceVersion "1"]
[SourceVersionDate "2022.10.05"]
[SourceQuality "1"]
[WhiteTeam "Turkey"]
[BlackTeam "Georgia"]
[WhiteTeamCountry "TUR"]
[BlackTeamCountry "GEO"]

1. d4 Nf6 2. Nf3 g6 3. g3 Bg7 4. Bg2 0-0 5. 0-0 d6 6. c4 Nc6 7. Nc3 e5 8. d5 Nb8 9. e4 a5 10. h3 Na6 11. Be3 Nd7 12. a3 f5 13. exf5 gxf5 14. Ng5 Nf6 15. Ne6 Bxe6 16. dxe6 c6 17. Qc2 Ne8 18. f4 Qf6 19. fxe5 Qxe6 20. Rf2 Bxe5 21. Raf1 Ng7 22. Rf3 Qxc4 23. Qf2 Rf7 24. Kh1 Raf8 25. Bf4 Nc5 26. Re1 Ne4 27. Qc2 Bxf4 28. gxf4 d5 29. b3 Qc5 30. Qb2 Nxc3 31. Rxc3 Qd4 32. Rg1 Re8 33. Qc1 Kf8 34. Rd1 Qf6 35. Rg3 b6 36. Rg1 Re6 37. b4 axb4 38. axb4 Rd7 39. Qa3 d4 40. b5+ c5 41. Bc6 Rxc6 42. Qa8+ Rd8 43. Qxc6 Qxc6+ 44. bxc6 Ne6 45. c7 Nxc7 46. Rg8+ Ke7 47. R1g7+ Kf6 48. Rxd8 Kxg7 49. Rd7+ Kf6 50. Rxc7 Ke6 51. Kg2 Kd5 52. Kf3 b5 53. Rxh7 c4 54. Rb7 c3 55. Ke2 Kc4 56. Rc7+ Kd5 57. Kd3 b4 58. Rb7 c2 59. Kxc2 Ke4 60. Rxb4 Kxf4 61. Rxd4+ Kg3 62. h4 f4 63. h5 f3 64. Rd8 f2 65. Rf8 1-0

[Event "EU-ch Hybrid U10"]
[Site "Tornelo INT"]
[Date "2021.10.15"]
[Round "1"]
[White "Ekmekcioglu, Gokdeniz"]
[Black "Rajbharath, Harjith"]
[Result "1-0"]
[WhiteElo "1463"]
[BlackElo "1120"]
[PlyCount "97"]
[EventDate "2021.10.15"]
[EventType "swiss"]
[EventRounds "9"]
[EventCountry "NET"]
[SourceTitle "EXT 2023"]
[Source "ChessBase"]
[SourceDate "2022.10.05"]
[SourceVersion "1"]
[SourceVersionDate "2022.10.05"]
[SourceQuality "1"]
[WhiteTeam "Turkey"]
[BlackTeam "Poland"]
[WhiteTeamCountry "TUR"]
[BlackTeamCountry "POL"]

1. Nf3 Nf6 2. g3 d5 3. Bg2 c6 4. 0-0 e6 5. d4 Bd6 6. b3 Nbd7 7. Bb2 b6 8. Ne5 Qc7 9. Nxd7 Bxd7 10. c4 0-0 11. Nd2 Rfe8 12. e4 dxe4 13. Nxe4 Nxe4 14. Bxe4 f5 15. Bg2 Rad8 16. Re1 e5 17. dxe5 Bxe5 18. Bxe5 Rxe5 19. Rxe5 Qxe5 20. Bxc6 Qe7 21. Bd5+ Kh8 22. Qd2 Be6 23. Qe1 Rd6 24. Qe5 Qf6 25. Qxd6 Qxa1+ 26. Kg2 Bxd5+ 27. cxd5 h6 28. Qf8+ Kh7 29. Qxf5+ Kh8 30. d6 Qd4 31. Qc8+ Kh7 32. d7 Qe4+ 33. f3 Qe2+ 34. Kh3 Qe6+ 35. g4 Qe2 36. Qc6 Qf1+ 37. Kg3 Qe1+ 38. Kf4 g5+ 39. Kf5 Qb1+ 40. Ke6 Qg6+ 41. Kd5 Qd3+ 42. Ke5 Qe3+ 43. Qe4+ Qxe4+ 44. Kxe4 Kg6 45. d8Q Kg7 46. Kf5 Kh7 47. Qe7+ Kg8 48. Kg6 h5 49. Qd8# 1-0

[Event "TUR-chT Clubs"]
[Site "Konya"]
[Date "2019.07.17"]
[Round "3.13"]
[White "Ekmekcioglu, Gokdeniz"]
[Black "Ersahince, Umut Utku"]
[Result "1-0"]
[WhiteElo "1246"]
[BlackElo "1677"]
[PlyCount "113"]
[EventDate "2019.07.16"]
[EventType "team-swiss"]
[EventRounds "9"]
[EventCountry "TUR"]
[SourceTitle "CBM 191 Extra"]
[Source "ChessBase"]
[SourceDate "2019.09.30"]
[SourceVersion "1"]
[SourceVersionDate "2019.09.30"]
[SourceQuality "1"]
[WhiteTeam "Ermenek Turkuaz Yelken"]
[BlackTeam "Engin Gulec Genclik"]
[WhiteTeamCountry "TUR"]
[BlackTeamCountry "TUR"]

1. e4 e5 2. Nf3 Nc6 3. Nc3 Nf6 4. Bb5 Bb4 5. d3 d6 6. 0-0 0-0 7. Bg5 h6 8. Bh4 g5 9. Bg3 Bg4 10. h3 Bh5 11. a3 Bc5 12. Bxc6 bxc6 13. Na4 Bb6 14. Nxb6 axb6 15. Qe2 Qd7 16. Qe3 Rae8 17. Nxg5 Kg7 18. Nf3 Kh7 19. Bh4 Ng8 20. g4 Bg6 21. Bg3 h5 22. Nh2 hxg4 23. hxg4 Nf6 24. f3 Kg7 25. Kg2 c5 26. Rh1 Qb5 27. b3 Qd7 28. Nf1 Rh8 29. Rxh8 Rxh8 30. Nh2 Qc8 31. a4 Qg8 32. a5 bxa5 33. Rxa5 Qh7 34. Ra7 Ne8 35. c3 f6 36. d4 cxd4 37. cxd4 Qg8 38. d5 Qf7 39. Qc3 Qd7 40. Qc6 Qe7 41. b4 Kf8 42. b5 Qd8 43. Nf1 Rh7 44. Ne3 Qb8 45. Ra8 Qb6 46. Qxb6 cxb6 47. Rb8 Rc7 48. Rxb6 Rc5 49. Bf2 Rc3 50. Rc6 Rb3 51. b6 Ke7 52. Nc4 Rb5 53. Be1 Rb1 54. Bc3 Rb3 55. Na5 Rb5 56. b7 Bf7 57. Rc8 1-0